000
00344nas a2200157 a 4500
001
87475
003
165582
005
20201118112356.0
008
||||||n9999 ||| || ||
245
0
_a
Time - Vol.160 No.20
260
_a
Estados Unidos :
562
_e
1
773
_0
21966
_a
Time
942
_c
SISS
999
_c
87475
_d
87475